[Event "Wch U16"]
[Site "Maribor"]
[Date "2012.11.12"]
[Round "6.60"]
[White "Park, Hyukmin"]
[Black "Mikolic, Martin"]
[Result "0-1"]
[WhiteElo "1541"]
[BlackElo "1771"]
[PlyCount "86"]
[EventDate "2012.11.08"]
[EventType "swiss"]
[EventRounds "11"]
[EventCountry "SLO"]
[SourceTitle "EXT 2013"]
[Source "ChessBase"]
[SourceDate "2012.11.22"]
[SourceVersion "1"]
[SourceVersionDate "2012.11.22"]
[SourceQuality "1"]

1. e4 d5 2. exd5 Nf6 3. d4 Bg4 4. f3 Bf5 5. Bb5+ Nbd7 6. Nc3 a6 7. Bd3 Bxd3 8. Qxd3 Nb6 9. Nge2 Nfxd5 10. a3 e6 11. Nxd5 Nxd5 12. c4 Nb6 13. Be3 Be7 14. 0-0-0 0-0 15. d5 exd5 16. Bxb6 cxb6 17. Qxd5 Qc7 18. Kb1 Rfd8 19. Qe4 Re8 20. Qc2 Rac8 21. Ng3 b5 22. Nf5 Bf8 23. h4 g6 24. Nd4 Qb6 25. Qb3 Rxc4 26. Nc2 Re2 27. Rc1 Bg7 28. Rhe1 Rxe1 29. Rxe1 Qd6 30. Ne3 Qd2 31. Rd1 Qa5 32. Nxc4 bxc4 33. Qxc4 h5 34. Qc8+ Kh7 35. Qxb7 Qe5 36. Ka2 Qe2 37. Rb1 Qc4+ 38. Qb3 Qxh4 39. Qxf7 Qd4 40. g3 a5 41. Qf4 Qd5+ 42. Ka1 Qb3 43. Qg4 Qxa3# 0-1